La Diputació a Internet [Fitxer informàtic] : Xarxa Telemàtica Provincial : guia ràpida Xarxa Telemàtica Provincial :
Descripción Física:
1 disc òptic (CD-ROM) ; 12 cm
Materias:
Barcelona. Diputació -- programari
MARC
| LEADER | 00000nam a2200000Ia 4500 | ||
|---|---|---|---|
| 001 | 19817 | ||
| 008 | 160829s1997 xx 000 0 cat d | ||
| 080 | |a CD-1-90 | ||
| 110 | 1 | |a Barcelona (Catalunya : Província). |b Diputació |9 52408 | |
| 245 | |a La Diputació a Internet [Fitxer informàtic] : |b Xarxa Telemàtica Provincial : |b guia ràpida | ||
| 250 | |a Ed. no venal | ||
| 260 | |a Barcelona: |b Institut d'edicions de la Diputació, |c 1997 | ||
| 300 | |a 1 disc òptic (CD-ROM) ; |c 12 cm | ||
| 590 | |a Requeriments tècnics : Processador Pentium, 16 MB de RAM, Monitor VGA (mínim 256 colors), CD-ROM, Microsoft Windows 95, Ratolí. | ||
| 590 | |a Inclou: fulletó (12 cm) amb introducció a l'us de Microsoft Internet Explorer i a l'Internet Mail | ||
| 650 | |a Barcelona. Diputació |x programari |9 45559 | ||
| 901 | |a Arxiu | ||
| 942 | |n 1 | ||
| 952 | |0 0 |1 0 |4 0 |6 CD190 |7 1 |9 52670 |a Arxiu |b Arxiu |d 2016-12-01 |l 0 |o CD-1-90 |p 19817 |r 2016-12-01 00:00:00 |w 2016-12-01 |y ARXIU | ||
| 999 | |c 56519 |d 56519 | ||